[Event "GER-ch (Women)"]
[Site "Magdeburg"]
[Date "2021.07.27"]
[Round "4"]
[White "Bildat, Emilia"]
[Black "Lederer, Leia"]
[Result "1-0"]
[WhiteElo "1736"]
[BlackElo "1754"]
[PlyCount "97"]
[EventDate "2021.07.25"]
[EventType "swiss"]
[EventRounds "9"]
[EventCountry "GER"]
[SourceTitle "CBM 203 Extra"]
[Source "ChessBase"]
[SourceDate "2021.09.30"]
[SourceVersion "1"]
[SourceVersionDate "2021.09.30"]
[SourceQuality "1"]

1. c4 e5 2. g3 Nf6 3. Bg2 d5 4. cxd5 Nxd5 5. Nc3 Nb6 6. Nf3 Nc6 7. 0-0 Bd6 8. d3 0-0 9. a3 Bg4 10. b4 a5 11. b5 Nd4 12. Nxd4 exd4 13. Ne4 Re8 14. h3 Bc8 15. Nxd6 Qxd6 16. Re1 Nd5 17. Bb2 Nc3 18. Bxc3 dxc3 19. Qc2 Qc5 20. a4 Re6 21. Rec1 Rf6 22. e3 Qh5 23. g4 Qh4 24. f4 Re6 25. Qf2 Qe7 26. Rxc3 Rxe3 27. Rxc7 Qxc7 28. Qxe3 h6 29. Rc1 Qd8 30. d4 Ra7 31. d5 b6 32. Rc6 Rb7 33. d6 Bd7 34. Rc3 Rb8 35. Qe7 Rc8 36. Qxd8+ Rxd8 37. Rc7 Bxb5 38. axb5 Rxd6 39. Rc6 Rd1+ 40. Kf2 Rd2+ 41. Kg3 Rb2 42. Rxb6 a4 43. Rb8+ Kh7 44. b6 a3 45. b7 a2 46. Ra8 Rb3+ 47. Kh2 Rb2 48. Rxa2 Rxa2 49. b8Q 1-0

[Event "GER-ch (Women)"]
[Site "Magdeburg"]
[Date "2021.07.27"]
[Round "3"]
[White "Hofmann, Karina"]
[Black "Bildat, Emilia"]
[Result "1-0"]
[WhiteElo "1704"]
[BlackElo "1736"]
[PlyCount "69"]
[EventDate "2021.07.25"]
[EventType "swiss"]
[EventRounds "9"]
[EventCountry "GER"]
[SourceTitle "CBM 203 Extra"]
[Source "ChessBase"]
[SourceDate "2021.09.30"]
[SourceVersion "1"]
[SourceVersionDate "2021.09.30"]
[SourceQuality "1"]

1. f4 d5 2. Nf3 Bg4 3. e3 Nd7 4. b3 e5 5. fxe5 Nxe5 6. Be2 Bxf3 7. Bxf3 c6 8. Bb2 Bd6 9. Rf1 Qh4+ 10. Ke2 Qxh2 11. Rh1 Qg3 12. Rh3 Qg6 13. Bxe5 Bxe5 14. d4 Bd6 15. Qd3 Qxd3+ 16. Kxd3 Nf6 17. c4 Rd8 18. cxd5 Nxd5 19. Bxd5 cxd5 20. Rh5 Be7 21. Nc3 g5 22. Rf1 f6 23. Rf5 Rd6 24. Nxd5 Kf7 25. e4 Kg6 26. g4 Re8 27. a4 Bf8 28. Nxf6 Rc8 29. Rhxg5+ Kf7 30. Nxh7+ Ke7 31. Nxf8 Rdc6 32. Rg7+ Ke8 33. e5 Rc3+ 34. Ke4 Rxb3 35. Ne6 1-0

[Event "GER-chT U14"]
[Site "Willingen"]
[Date "2021.06.27"]
[Round "7.1"]
[White "Rose, Daniel"]
[Black "Bildat, Emilia"]
[Result "1/2-1/2"]
[WhiteElo "1816"]
[BlackElo "1852"]
[PlyCount "66"]
[EventDate "2021.06.23"]
[EventType "team-swiss"]
[EventRounds "7"]
[EventCountry "GER"]
[SourceTitle "EXT 2022"]
[Source "ChessBase"]
[SourceDate "2021.10.06"]
[SourceVersion "1"]
[SourceVersionDate "2021.10.06"]
[SourceQuality "1"]
[WhiteTeam "Koenigsjaeger Sued West"]
[BlackTeam "Lueneburg Turm"]
[WhiteTeamCountry "GER"]
[BlackTeamCountry "GER"]

1. d4 Nf6 2. c4 e6 3. Nc3 Bb4 4. a3 Bxc3+ 5. bxc3 0-0 6. f3 d6 7. e3 c5 8. Bd3 Nbd7 9. Ne2 e5 10. d5 Nb6 11. Qc2 Re8 12. Ng3 Bd7 13. 0-0 Ba4 14. Qe2 Nc8 15. Rb1 Rb8 16. e4 Qc7 17. f4 exf4 18. Bxf4 Nd7 19. Nh5 Ne7 20. Qf3 f6 21. Qg3 Ng6 22. Bxd6 Qd8 23. Bxb8 Qxb8 24. Qxb8 Rxb8 25. Nf4 Nxf4 26. Rxf4 Ne5 27. Be2 Bc2 28. Ra1 Rd8 29. a4 a5 30. Kf2 Bd3 31. Bxd3 Nxd3+ 32. Ke3 Ne5 33. Rb1 b6 1/2-1/2

[Event "GER-chT U14"]
[Site "Willingen"]
[Date "2021.06.26"]
[Round "6.4"]
[White "Bildat, Emilia"]
[Black "Freude, Max"]
[Result "1/2-1/2"]
[WhiteElo "1852"]
[BlackElo "1806"]
[PlyCount "67"]
[EventDate "2021.06.23"]
[EventType "team-swiss"]
[EventRounds "7"]
[EventCountry "GER"]
[SourceTitle "EXT 2022"]
[Source "ChessBase"]
[SourceDate "2021.10.06"]
[SourceVersion "1"]
[SourceVersionDate "2021.10.06"]
[SourceQuality "1"]
[WhiteTeam "Lueneburg Turm"]
[BlackTeam "Berlin Empor"]
[WhiteTeamCountry "GER"]
[BlackTeamCountry "GER"]

1. c4 c5 2. g3 g6 3. Bg2 Bg7 4. Nc3 Nc6 5. Nf3 e5 6. 0-0 Nge7 7. d3 0-0 8. Ne1 d6 9. Nc2 Be6 10. Ne3 Qd7 11. Re1 Bh3 12. Bh1 f5 13. Ned5 f4 14. Bg2 Bxg2 15. Kxg2 Rf5 16. g4 Rff8 17. f3 h5 18. h3 hxg4 19. hxg4 Kf7 20. Bd2 Nxd5 21. Nxd5 Rh8 22. Bc3 Rh4 23. Rh1 Rxh1 24. Qxh1 Rh8 25. Qe1 Qd8 26. Qf2 Ne7 27. Nxe7 Kxe7 28. Rh1 Rxh1 29. Kxh1 Qh8+ 30. Qh2 d5 31. Qxh8 Bxh8 32. Kg1 d4 33. Bd2 Kd6 34. b3 1/2-1/2

[Event "GER-chT U14"]
[Site "Willingen"]
[Date "2021.06.25"]
[Round "3.5"]
[White "Dordevic, Tom"]
[Black "Bildat, Emilia"]
[Result "1/2-1/2"]
[WhiteElo "1556"]
[BlackElo "1852"]
[PlyCount "55"]
[EventDate "2021.06.23"]
[EventType "team-swiss"]
[EventRounds "7"]
[EventCountry "GER"]
[SourceTitle "EXT 2022"]
[Source "ChessBase"]
[SourceDate "2021.10.06"]
[SourceVersion "1"]
[SourceVersionDate "2021.10.06"]
[SourceQuality "1"]
[WhiteTeam "Duesseldorf SV"]
[BlackTeam "Lueneburg Turm"]
[WhiteTeamCountry "GER"]
[BlackTeamCountry "GER"]

1. e4 c5 2. Nf3 g6 3. d4 cxd4 4. Nxd4 Bg7 5. c4 Nc6 6. Be3 Nf6 7. Nc3 d6 8. Be2 0-0 9. h3 Bd7 10. 0-0 Nxd4 11. Bxd4 Bc6 12. Qc2 a5 13. Rad1 a4 14. Nd5 Bxd5 15. exd5 Qc7 16. Qd2 Ne4 17. Qe3 Bxd4 18. Rxd4 Nc5 19. h4 Qb6 20. Rb1 Rfe8 21. h5 Nd7 22. Re4 Qxe3 23. Rxe3 Kf8 24. hxg6 hxg6 25. b4 axb3 26. axb3 Ra2 27. Bf1 b6 28. Rbe1 1/2-1/2

[Event "GER-chT Christmas U16 Steinitz"]
[Site "Playchess.com INT"]
[Date "2020.12.28"]
[Round "2.3"]
[White "Bildat, Emilia"]
[Black "Lorenz, Jakob"]
[Result "1-0"]
[WhiteElo "1852"]
[BlackElo "1575"]
[PlyCount "107"]
[EventDate "2020.12.28"]
[EventType "team-swiss (blitz)"]
[EventRounds "7"]
[EventCountry "GER"]
[SourceTitle "CBM 200 Extra"]
[Source "ChessBase"]
[SourceDate "2021.03.31"]
[SourceVersion "1"]
[SourceVersionDate "2021.03.31"]
[SourceQuality "1"]
[WhiteTeam "Werder Bremen"]
[BlackTeam "Chemnitz"]
[WhiteTeamCountry "GER"]
[BlackTeamCountry "GER"]

1. c4 e5 2. g3 Nc6 3. Bg2 Bc5 4. Nc3 d6 5. e3 a6 6. Nge2 Nge7 7. 0-0 h5 8. d4 exd4 9. exd4 Ba7 10. a3 h4 11. b4 Nf5 12. c5 hxg3 13. fxg3 Qe7 14. Re1 Kf8 15. Nf4 Qf6 16. Nfd5 Qd8 17. Be3 Be6 18. Bf2 Rc8 19. Qd2 Nce7 20. Nxe7 Nxe7 21. Bxb7 Rb8 22. Bg2 Bh3 23. Bxh3 Rxh3 24. Qg5 f6 25. Qg4 Rh7 26. Re2 Qc8 27. Qe4 g6 28. Qe6 Qxe6 29. Rxe6 Kf7 30. Rae1 Re8 31. Nd5 Nxd5 32. Rxe8 dxc5 33. dxc5 Rh5 34. Rd8 a5 35. Ra8 axb4 36. axb4 Bxc5 37. bxc5 Ne7 38. Ra7 Rd5 39. Rxc7 Re5 40. Rxe5 fxe5 41. c6 Ke6 42. Rxe7+ Kxe7 43. c7 Kd7 44. Bb6 Kc8 45. Kf2 Kb7 46. Ke3 Kxb6 47. c8Q Kb5 48. Ke4 Kb4 49. Kxe5 Kb5 50. Kd5 g5 51. Qc5+ Ka4 52. Qb6 g4 53. Kc4 Ka3 54. Qb3# 1-0

[Event "GER-ch U14 Girls"]
[Site "Willingen"]
[Date "2020.10.23"]
[Round "6"]
[White "Werner, Rosalie"]
[Black "Bildat, Emilia"]
[Result "0-1"]
[WhiteElo "1688"]
[BlackElo "1704"]
[PlyCount "52"]
[EventDate "2020.10.19"]
[EventType "swiss"]
[EventRounds "7"]
[EventCountry "GER"]
[SourceTitle "EXT 2022"]
[Source "ChessBase"]
[SourceDate "2021.10.06"]
[SourceVersion "1"]
[SourceVersionDate "2021.10.06"]
[SourceQuality "1"]

1. e4 c5 2. Nf3 g6 3. d4 cxd4 4. Qxd4 Nf6 5. Nc3 Nc6 6. Qa4 d6 7. e5 dxe5 8. Nxe5 Bg7 9. Bb5 0-0 10. Nxc6 bxc6 11. Bxc6 Bd7 12. 0-0 Rc8 13. Bxd7 Qxd7 14. Qa6 Rc6 15. Qe2 Rb8 16. Rd1 Qc7 17. Rd3 e6 18. h3 Nd7 19. Nd1 Rxc2 20. Rxd7 Rxe2 21. Rxc7 Re1+ 22. Kh2 Be5+ 23. g3 Bxc7 24. Ne3 Bb6 25. Ng4 Rc8 26. Nf6+ Kh8 0-1

[Event "EU Union-ch U14"]
[Site "Kouty nad Desnou"]
[Date "2020.08.19"]
[Round "6"]
[White "Nespora, Tatana"]
[Black "Bildat, Emilia"]
[Result "1/2-1/2"]
[WhiteElo "1261"]
[BlackElo "1670"]
[PlyCount "66"]
[EventDate "2020.08.14"]
[EventType "swiss"]
[EventRounds "9"]
[EventCountry "CZE"]
[SourceTitle "EXT 2021"]
[Source "ChessBase"]
[SourceDate "2020.10.23"]
[SourceVersion "1"]
[SourceVersionDate "2020.10.23"]
[SourceQuality "1"]

1. e4 c5 2. Nf3 g6 3. d4 cxd4 4. Nxd4 Bg7 5. Nc3 Nc6 6. Be3 Nf6 7. Qd2 Ng4 8. Nxc6 dxc6 9. Qxd8+ Kxd8 10. Rd1+ Ke8 11. Bd4 Bxd4 12. Rxd4 e5 13. Rd1 Be6 14. Be2 Ke7 15. 0-0 b5 16. Rd2 Nf6 17. f3 a5 18. Rfd1 Rhd8 19. Kf2 Rxd2 20. Rxd2 Nd7 21. a3 Nb6 22. Rd1 b4 23. Nb1 Nc4 24. Bxc4 Bxc4 25. Nd2 Rd8 26. Ke1 Be6 27. Nb3 Rxd1+ 28. Kxd1 Bxb3 29. cxb3 Kd6 30. Kc2 Kc5 31. Kd3 Kb5 32. a4+ Kc5 33. h3 f6 1/2-1/2

[Event "EU Union-ch U14"]
[Site "Kouty nad Desnou"]
[Date "2020.08.16"]
[Round "3"]
[White "Vilimek, Vit"]
[Black "Bildat, Emilia"]
[Result "1-0"]
[WhiteElo "1761"]
[BlackElo "1670"]
[PlyCount "61"]
[EventDate "2020.08.14"]
[EventType "swiss"]
[EventRounds "9"]
[EventCountry "CZE"]
[SourceTitle "EXT 2021"]
[Source "ChessBase"]
[SourceDate "2020.10.23"]
[SourceVersion "1"]
[SourceVersionDate "2020.10.23"]
[SourceQuality "1"]

1. e4 c5 2. b4 cxb4 3. a3 e5 4. Nf3 d5 5. exd5 Qxd5 6. c4 Qe6 7. Bd3 Qd7 8. Bc2 Nc6 9. 0-0 Bc5 10. Bb2 f6 11. axb4 Bxb4 12. d4 exd4 13. Nxd4 Nxd4 14. Bxd4 Qc7 15. Qh5+ Kf8 16. Qb5 a5 17. Ba4 Be6 18. c5 Ne7 19. Na3 Nc6 20. Bb2 Kf7 21. Nc4 Na7 22. Qxb7 Qxb7 23. Nd6+ Ke7 24. Nxb7 Bd5 25. Nd6 Bxc5 26. Nf5+ Kf7 27. Rfd1 Rhd8 28. Rxd5 Rxd5 29. Bb3 Kg6 30. Bxd5 Kxf5 31. Bxa8 1-0

[Event "GER-chT School WK 3"]
[Site "Playchess.com INT"]
[Date "2020.06.15"]
[Round "4.3"]
[White "Schiffner, Robin"]
[Black "Bildat, Emilia"]
[Result "0-1"]
[WhiteElo "1502"]
[BlackElo "1728"]
[PlyCount "100"]
[EventDate "2020.06.15"]
[EventType "team-swiss (blitz)"]
[EventRounds "5"]
[EventCountry "GER"]
[SourceTitle "EXT 2021"]
[Source "ChessBase"]
[SourceDate "2020.10.23"]
[SourceVersion "1"]
[SourceVersionDate "2020.10.23"]
[SourceQuality "1"]
[WhiteTeam "Magdeburg Siemens Gymn"]
[BlackTeam "Lueneburg W Rabe"]
[WhiteTeamCountry "GER"]
[BlackTeamCountry "GER"]

1. e4 c5 2. Nf3 g6 3. d4 cxd4 4. Nxd4 Bg7 5. Nc3 Nc6 6. Be3 Nf6 7. Be2 0-0 8. 0-0 d6 9. Nb3 Bd7 10. f4 a5 11. Qe1 Nb4 12. Rc1 Bc6 13. a3 Na6 14. Bd3 a4 15. Nd2 Nc5 16. Bxc5 dxc5 17. f5 Qd4+ 18. Qf2 Qxf2+ 19. Rxf2 Ng4 20. Rf3 Bd4+ 21. Kf1 Nxh2+ 22. Ke2 Nxf3 23. Nxf3 Bxc3 24. bxc3 gxf5 25. exf5 Bxf3+ 26. Kxf3 Rfd8 27. Rb1 Rab8 28. Rb5 b6 29. Rb1 Rd5 30. Re1 Rd7 31. g4 b5 32. Rb1 c4 33. Bxc4 Rc7 34. Bd3 Rxc3 35. Re1 Rb7 36. Re5 Rxa3 37. Kf4 Rxd3 38. cxd3 a3 39. Re2 b4 40. Ke4 b3 41. Kd4 b2 42. Re1 b1Q 43. Rxb1 Rxb1 44. Kc5 a2 45. Kc6 a1Q 46. Kd7 Qd4+ 47. Kxe7 Rb7+ 48. Ke8 Qe5+ 49. Kd8 Qc7+ 50. Ke8 Qe7# 0-1

[Event "GER-chT U14"]
[Site "Magdeburg"]
[Date "2019.12.27"]
[Round "2.7"]
[White "Zwecker, Hagen"]
[Black "Bildat, Emilia"]
[Result "1/2-1/2"]
[WhiteElo "1480"]
[BlackElo "1754"]
[PlyCount "42"]
[EventDate "2019.12.27"]
[EventType "team-swiss"]
[EventRounds "7"]
[EventCountry "GER"]
[SourceTitle "CBM 194 Extra"]
[Source "ChessBase"]
[SourceDate "2020.03.31"]
[SourceVersion "1"]
[SourceVersionDate "2020.03.31"]
[SourceQuality "1"]
[WhiteTeam "Walldorf"]
[BlackTeam "Lueneburg Turm"]
[WhiteTeamCountry "GER"]
[BlackTeamCountry "GER"]

1. e4 c5 2. Nf3 g6 3. Nc3 Bg7 4. Bc4 Nc6 5. 0-0 e5 6. d3 Nge7 7. Bb5 a6 8. Bxc6 bxc6 9. b3 0-0 10. Bb2 d6 11. Nd2 Be6 12. Na4 f5 13. f4 exf4 14. Bxg7 Kxg7 15. Rxf4 Rb8 16. Qe2 Qc7 17. exf5 Bxf5 18. Re1 Nd5 19. Rff1 Nb4 20. Nc4 Nd5 21. Nd2 Nb4 1/2-1/2

[Event "BL2 West 1920 (Women)"]
[Site "Germany"]
[Date "2019.09.15"]
[Round "2.4"]
[White "Bildat, Emilia"]
[Black "Mundt, Alexandra"]
[Result "1/2-1/2"]
[WhiteElo "1736"]
[BlackElo "1756"]
[PlyCount "87"]
[EventDate "2019.09.14"]
[EventType "team-tourn"]
[EventRounds "7"]
[EventCountry "GER"]
[SourceTitle "EXT 2021"]
[Source "ChessBase"]
[SourceDate "2020.10.23"]
[SourceVersion "1"]
[SourceVersionDate "2020.10.23"]
[SourceQuality "1"]
[WhiteTeam "Hamburger SK (W) II"]
[BlackTeam "Luebeck (W)"]
[WhiteTeamCountry "GER"]
[BlackTeamCountry "GER"]

1. c4 e5 2. g3 c6 3. Bg2 Nf6 4. d4 e4 5. Nc3 d5 6. cxd5 cxd5 7. Bg5 Be7 8. Nh3 Nbd7 9. Nf4 Nb6 10. Qb3 Be6 11. 0-0 h6 12. Nxe6 fxe6 13. Bf4 Bd6 14. Qb5+ Kf7 15. Bxd6 Qxd6 16. a4 Qe7 17. b3 Rhc8 18. Rac1 Kg8 19. e3 Rc7 20. Bh3 Nh7 21. a5 Nc8 22. Nxd5 exd5 23. Qxd5+ Kh8 24. Rxc7 Qxc7 25. Qxe4 Nd6 26. Qd5 Ng5 27. Bg2 Rd8 28. Qc5 Qf7 29. Qxa7 Nf3+ 30. Bxf3 Qxf3 31. Qc5 Nf7 32. Qc7 Rf8 33. Qf4 Qd5 34. b4 Qb3 35. Rc1 Qxb4 36. Rc5 Kg8 37. Qc7 Ng5 38. Rc3 Qb1+ 39. Rc1 Qe4 40. h4 Nf3+ 41. Kf1 Nh2+ 42. Ke1 Nf3+ 43. Ke2 Nxd4+ 44. Ke1 1/2-1/2

[Event "GER-chT U12"]
[Site "Magdeburg"]
[Date "2018.12.29"]
[Round "6.2"]
[White "Derling, Charlotte"]
[Black "Bildat, Emilia"]
[Result "0-1"]
[WhiteElo "1399"]
[BlackElo "1634"]
[PlyCount "106"]
[EventDate "2018.12.27"]
[EventType "team-swiss"]
[EventRounds "7"]
[EventCountry "GER"]
[SourceTitle "CBM 188 Extra"]
[Source "ChessBase"]
[SourceDate "2019.02.26"]
[SourceVersion "1"]
[SourceVersionDate "2019.02.26"]
[SourceQuality "1"]
[WhiteTeam "Halle Roter Turm"]
[BlackTeam "Lueneburg Turm"]
[WhiteTeamCountry "GER"]
[BlackTeamCountry "GER"]

1. e4 c5 2. Nf3 g6 3. d4 cxd4 4. Nxd4 Bg7 5. Be3 Nc6 6. Nc3 Nf6 7. Bc4 0-0 8. 0-0 d6 9. h3 Nxe4 10. Nxe4 d5 11. Nxc6 bxc6 12. Bxd5 cxd5 13. Nc3 d4 14. Bxd4 Qxd4 15. Qxd4 Bxd4 16. Rfe1 Bxc3 17. bxc3 Be6 18. a3 Rfc8 19. Re3 Rc5 20. a4 Rac8 21. Ra3 a5 22. Kf1 Kf8 23. Ke1 Rc4 24. Ke2 Bd7 25. Re5 R8c5 26. Rxc5 Rxc5 27. h4 e5 28. Kd3 Be6 29. g3 f5 30. Ke3 Rc6 31. Kf3 Rb6 32. Ke3 Rb2 33. Kd3 e4+ 34. Kd2 Ra2 35. Rxa2 Bxa2 36. Ke3 Bd5 37. Kd4 Bc6 38. Kc5 Bxa4 39. Kb6 Bxc2 40. Kxa5 Bb3 41. Kb4 Be6 42. Kc5 Kg7 43. Kd6 Ba2 44. Ke5 Kh6 45. Kf6 Kh5 46. Kg7 f4 47. gxf4 Kxh4 48. Kxh7 Kg4 49. Kxg6 Kxf4 50. Kf6 Bd5 51. Kg6 Kf3 52. Kf5 Kxf2 53. c4 Ba8 0-1

[Event "Lueneburg distr-ch Haupt"]
[Site "Bergen"]
[Date "2018.10.11"]
[Round "2.4"]
[White "Dunker, Lueder"]
[Black "Bildat, Emilia"]
[Result "1/2-1/2"]
[WhiteElo "1487"]
[BlackElo "1642"]
[PlyCount "39"]
[EventDate "2018.10.11"]
[EventType "swiss"]
[EventRounds "7"]
[EventCountry "GER"]
[SourceTitle "EXT 2020"]
[Source "ChessBase"]
[SourceDate "2019.10.17"]
[SourceVersion "1"]
[SourceVersionDate "2019.10.17"]
[SourceQuality "1"]

1. e4 c5 2. Nf3 g6 3. Bc4 Bg7 4. 0-0 Nc6 5. c3 d6 6. h3 Nf6 7. Re1 0-0 8. d4 cxd4 9. cxd4 d5 10. exd5 Nxd5 11. Nc3 Nb6 12. Bb3 Nxd4 13. Be3 e5 14. Rc1 Nxb3 15. Qxb3 Nd7 16. Nd5 Nf6 17. Nxf6+ Bxf6 18. Red1 Qe8 19. Bc5 Be7 20. Re1 1/2-1/2